Atmacharita / (Record no. 105113)

MARC details
000 -LEADER
fixed length control field 00930nam a22002657a 4500
005 - DATE AND TIME OF LATEST TRANSACTION
control field 20161213164940.0
010 ## - LCCN (DPL NO)
LC control number ENG-116803
020 ## - INTERNATIONAL STANDARD BOOK NUMBER
Terms of availability 345.00
International Standard Book Number 9788123778389
020 ## - INTERNATIONAL STANDARD BOOK NUMBER
Terms of availability 345.00
International Standard Book Number 8123778384
035 ## - SYSTEM CONTROL NUMBER
System control number EN-100335
037 ## - SOURCE OF ACQUISITION
Source of stock number/acquisition DBAD/PUB
082 ## - DEWEY DECIMAL CLASSIFICATION NUMBER
Classification number 920
100 ## - MAIN ENTRY--PERSONAL NAME
Personal name Phakirmohan Senapati
245 ## - TITLE STATEMENT
Title Atmacharita /
Statement of responsibility, etc by Phakirmohan Senapati ; edited by Debendra Kumar Dash ; trancleted by Diptiranjan Pattanaik,Basant Kumar Tripathy [and] Paul St-pierre
Remainder of title
260 ## - PUBLICATION, DISTRIBUTION, ETC. (IMPRINT)
Place of publication, distribution, etc New Delhi
Name of publisher, distributor, etc National Book Trust
Date of publication, distribution, etc 2016
270 ## - ADDRESS
City New Delhi
Address Nehru Bhawan,5 Industrial Area,Phase-II,Vasant Kunj
Postal code 110070
300 ## - PHYSICAL DESCRIPTION
Extent xxiii,251 :
Dimensions 24cm(Hb)
Other physical details ill
500 ## - GENERAL NOTE
General note Includes bibliographical references
505 ## - FORMATTED CONTENTS NOTE
Formatted contents note Autobiography
700 ## - ADDED ENTRY--PERSONAL NAME
Personal name Debendra Kumar Dash
700 ## - ADDED ENTRY--PERSONAL NAME
Personal name Diptiranjan Pattanaik
700 ## - ADDED ENTRY--PERSONAL NAME
Personal name Basant Kumar Tripathy
700 ## - ADDED ENTRY--PERSONAL NAME
Personal name Paul St-pierre
942 ## - ADDED ENTRY ELEMENTS (KOHA)
Source of classification or shelving scheme Dewey Decimal Classification
Item type English Books
Classification part 920
Call number suffix SEN
Holdings
Withdrawn status Lost status Not for loan Collection code Home library Current library Date acquired Source of acquisition Cost, normal purchase price Full call number Barcode Copy number Cost, replacement price Koha item type
    Not For Loan Non-fiction D.B.Act.Division Bawana 13/12/2016 DBAD/PUB 345.00 920 SEN EN-100335 1 345.00 English Books

© Delhi Public Library
Hit Counter
free hit counter